• 首页
  • 本馆介绍
  • 公告通知
  • 最新文献
  • 馆藏检索
  • 电子资源
  • 读者导购
  • 参考咨询
  • 我的图书馆
  • 登录
  • 详细信息显示
  • 放入我的书架
  • 预约/预借图书
  • 作者相关作品
  • 分类相关作品
  • 丛书相关作品
  • 出版社相关作品

书目信息

  • 表格格式
  • 工作单格式
  • 卡片格式
题名:
水处理实验技术
    
 
作者: 张可方 主编
分册:  
出版信息: 广州   暨南大学出版社  2003
页数: 142页
开本: 26cm
丛书名:
单 册:
中图分类: TU991.2
科图分类:
主题词: 水处理--实验 , 给水工程:市政工程 , 城市供水系统
电子资源:
ISBN: 7-81079-263-6
000 00861nam0 2200241 45
001 002493227
005 20050408101317.9
010    @a7-81079-263-6@dCNY16.00
100    @a20031104d2003 em y0chiy0110 ea
101 0  @achi
102    @aCN@b440000
105    @ay z 000yy
200 1  @a水处理实验技术@Ashui chu li shi yan ji shu@f张可方主编@FZhang Ke Fang Zhu Bian
210    @a广州@c暨南大学出版社@d2003
215    @a142页@d26cm
330    @a本书是给水排水工程专业和环境工程专业给水处理、污水处理、工业给水处理、工业废水处理课程的配套教材,书中介绍了一些水处理过程中常用的实验方法与新技术,其中包括了实验基本原理、实验目的、实验设备、实验步骤等。
606 0  @a水处理@x实验
606 0  @a给水工程:市政工程
606 0  @a城市供水系统
690    @aTU991.2@v4
701  0 @a张可方@4主编
801  0 @aCN@bNLC@c20040114
905    @f5@b348272-276@dTU991.2@e165
    
    水处理实验技术/张可方主编.-广州:暨南大学出版社,2003
    142页;26cm
    
    
    ISBN 7-81079-263-6:CNY16.00
    本书是给水排水工程专业和环境工程专业给水处理、污水处理、工业给水处理、工业废水处理课程的配套教材,书中介绍了一些水处理过程中常用的实验方法与新技术,其中包括了实验基本原理、实验目的、实验设备、实验步骤等。
●
相关链接 在E读中查询图书 在五车中查询图书 在当当中查询图书 在豆瓣中查询图书


正题名:水处理实验技术     索取号:TU991.2/165         预约/预借

序号 登录号 条形码 馆藏地/架位号 状态 备注
1 0348272   203482720   第二样本阅览室/ [索取号:TU991.2/165] 在馆    
2 0348273   203482739   第三借阅区/ [索取号:TU991.2/165] 在馆    
3 0348274   203482748   第三借阅区/ [索取号:TU991.2/165] 在馆    
4 0348275   203482757   第三借阅区/ [索取号:TU991.2/165] 在馆    
5 0348276   203482766   第三借阅区/ [索取号:TU991.2/165] 在馆    
唐山师范学院图书馆 欢迎您!
大连网信软件有限公司© 版权所有